World Map with 10 Extra Borders #9 - Statistics

General Stats
  • This quiz has been taken 2,315 times
    1,753 since last reset
  • The average score is 8 of 10
Answers on the Map
Answers color-coded by a green-red scale on the quiz's map according to % correct below.
 
Answer Stats
Country % Correct
Colombia
95%
Norway
90%
Pakistan
90%
Turkey
90%
Chad
88%
China
86%
Ivory Coast
82%
Iceland
75%
Bulgaria
71%
Zambia
70%
No matching quizzes found
Score Distribution
Percent of People with Each Score
Percentile by Number Answered
Your Score History
You have not taken this quiz since the last reset